Un pays frontalier pour chaque pays - Amérique - Statistiques

Statistiques générales
  • Ce quiz a été pris 31 fois
  • Le résultat moyen est 31 sur 34
Statistiques - réponses
Pays Pays frontaliers % Correct
Argentine Bolivie, Brésil, Chili, Paraguay, Uruguay
96%
Paraguay Argentine, Bolivie, Brésil
93%
Brésil Argentine, Bolivie, Colombie, France, Guyana, Paraguay, Pérou, Suriname, Uruguay, Venezuela
93%
Chili Argentine, Bolivie, Pérou
93%
Uruguay Argentine, Brésil
93%
Bolivie Argentine, Brésil, Chili, Paraguay, Pérou
93%
Mexique Belize, États-Unis, Guatemala
93%
Guatemala Belize, Honduras, Mexique, Salvador
93%
Pérou Bolivie, Brésil, Chili, Colombie, Équateur
93%
Venezuela Brésil, Colombie, Guyana
93%
Colombie Brésil, Équateur, Panama, Pérou, Venezuela
93%
Suriname Brésil, France, Guyana
93%
Guyana Brésil, Suriname, Venezuela
93%
États-Unis Canada, Mexique
93%
Nicaragua Costa Rica, Honduras
93%
Canada États-Unis, Danemark
93%
Honduras Guatemala, Nicaragua, Salvador
93%
République dominicaine Haïti
93%
Costa Rica Nicaragua, Panama
93%
Haïti République dominicaine
93%
Antigua-et-Barbuda Aucun
89%
Panama Colombie, Costa Rica
89%
Équateur Colombie, Pérou
89%
Salvador Guatemala, Honduras
89%
Belize Guatemala, Mexique
89%
Barbade Aucun
85%
Cuba Aucun
85%
Dominique Aucun
85%
Grenade Aucun
85%
Jamaïque Aucun
85%
Saint-Christophe-et-Nieves Aucun
85%
Sainte-Lucie Aucun
85%
Saint-Vincent-et-les-Grenadines Aucun
85%
Trinité-et-Tobago Aucun
85%
Aucun quiz correspondant
Distribution des résultats
% des personnes avec chaque résultat
Percentile par nombre de réponses
Votre historique - résultats
Vous n’avez pas pris ce quiz